00330nam a2200121Ia 4500008004100000040001700041041001200058082001600070100003300086245003700119260004100156300001100197230917s9999||||xx |||||||||||||| ||und|| e151705aMAIN aEnglish a294.1 C392V aChaturvedi, Shiv Dutt Sharma 0aVedic varna vyavstha aur shradhd aVaranasibKishor Vidya Niketanc1979 a72p p.